| Tag |
First Indicator |
Second Indicator |
Subfields |
| LEADER |
00000cam a2200000 4500 |
| 001 |
in00000670013 |
| 005 |
20151015090856.0 |
| 008 |
801009r19731807miu a 00010 eng d |
| 035 |
|
|
|a (OCoLC)06807751
|
| 035 |
|
|
|9 ACY4865AM
|
| 040 |
|
|
|a EEU
|c TXA
|d UtOrBLW
|
| 049 |
|
|
|a TXAI
|
| 090 |
|
|
|a PS3174.W75
|b M8
|
| 099 |
|
|
|a film
|a B
|a 1512
|a reel
|a 552.50
|
| 100 |
1 |
|
|a White, John Blake,
|d 1781-1859.
|
| 245 |
1 |
4 |
|a The mysteries of the castle :
|b or, The victim of revenge. A drama, in five acts. As performed at the Charleston theatre ... /
|c By John B. White.
|
| 264 |
|
3 |
|a Charleston :
|b Printed for the Author, by J. Hoff, no. 6, Broad Street,
|c 1807.
|
| 300 |
|
|
|a 68 pages ;
|c 16 cm.
|
| 336 |
|
|
|a text
|b txt
|2 rdacontent
|
| 337 |
|
|
|a microform
|b h
|2 rdamedia
|
| 338 |
|
|
|a microfilm reel
|b hd
|2 rdacarrier
|
| 500 |
|
|
|a Microfilm. Ann Arbor, Mich., Xerox University Microfilms, 1973. 35 mm. (American Culture Series, reel 552.50)
|
| 500 |
|
|
|a Microform.
|
| 999 |
|
|
|a MARS
|
| 999 |
f |
f |
|s 552e84a9-c77e-3299-9597-b57099bc2169
|i 1db50775-529b-3ade-a0f0-d66c179c6157
|t 0
|
| 952 |
f |
f |
|p default
|a Texas A&M University
|b College Station
|c Sterling C. Evans Library
|d Evans: Microforms (3rd floor)
|t 0
|e film B 1512 reel 552.50
|h Other scheme
|i microform -- microfilm reel
|
| 998 |
f |
f |
|a film B 1512 reel 552.50
|t 0
|l Evans: Microforms (3rd floor)
|